Pass Cambridge BEC Higher /

Bibliographische Detailangaben
1. Verfasser: Wood, Ian
Weitere Verfasser: Pile, louse
Format: Buch
Sprache:English
Veröffentlicht: Oxford : Summertown Publishing, 2001 [reprinted 2006].
Schlagworte:
Classic Catalogue: View this record in Classic Catalogue
LEADER 01235nam a2200289 a 4500
001 0017235
003 BD-DhAAL
008 090826r20062001enka 000 0 eng d
020 |a 1902741358 (Higher : students bk.)  
020 |a 190274134X (Vantage : workbk.)  
040 |a NU  |b eng  |c NU   |d BD-DhAAL 
082 0 0 |a 428.0076  |2 22 
100 1 |a Wood, Ian.  |9 58416 
245 1 0 |a Pass Cambridge BEC Higher /  |c Ian wood. 
246 1 |a Pass Cambridge Business English Certificate  
260 |a Oxford :  |b Summertown Publishing,  |c 2001 [reprinted 2006]. 
300 |a 80 p. :  |b ill. ;  |c 30 cm 
500 |a "An examination preparation course, updated for the revised exam"--Cover.  
526 |a CFL, BRACU 
541 1 |e 00017235  |a Karim International 
650 0 |a English language  |x Business English  |x Examinations  |v Study guides.  |9 58417 
650 0 |a English language  |x Business English  |x Textbooks for foreign speakers.  |9 58418 
700 1 |a Pile, louse  |9 58419 
852 4 |a Ayesha Abed Library  |c General Stacks 
942 |2 ddc  |c BK 
999 |c 3639  |d 3639 
952 |0 0  |1 4  |2 ddc  |4 0  |6 428_007600000000000_WOO  |7 0  |9 3302  |a BRACUL  |b BRACUL  |d 2009-09-03  |e Karim International  |g 1450.00  |l 0  |o 428.0076 WOO  |p 3010017235  |r 2009-09-03  |t 1  |w 2009-09-03  |y BK  |x Koha Inventory 2020